000 01127nam a2200253Ia 4500
008 130821s1950 xxua gr eng
040 _aCo-BoUCM
_bspa
041 0 0 _aeng
082 0 4 _550
110 1 _aCowles Commission research staff members and guests
_9142456
245 1 0 _aStatistical inference in dynamic economic models
_cpor Cowles Commission research staff members and guests ; editado por Tjalling C. Koopmans, con introducción de Jacob Marschak
260 _aNueva York (Estados Unidos)
_bJohn Wiley
_c1950
300 _axiv, 438 páginas
_bilustraciones, gráficas
490 0 _aCowles Commission for Research in Economics. Monograph
_v10
500 _aDonación Dr. Álvaro Daza Roa.
504 _aIncluye referencias bibliográficas e índices.
650 0 4 _aEconometría
_913653
650 0 4 _aEconomía matemática
_913703
650 0 4 _aProgramación lineal
_922502
650 0 4 _aVariables instrumentales (Estadística)
_926100
700 1 _aKoopmans, Tjalling C.
_eed.
_9121137
700 1 _aMarschak, Jacob
_eintrod.
_9142457
942 _cLIBRO
_a7
_e1
_mC875s
_2DEWEY
_h330.1543
999 _c72191
_d72191